Február dnešku

Bibliographic Details
Format: Article
Language:Slovak
Subjects:

MARC

LEADER 00000nab a2200000 a 4500
001 vtls000267920
003 SK-MaSNL
005 20260303172917.0
008 111130c1987 xo 0 slo
015 |a SNBRB19rr/mm-uuuuu 
035 |a CL0278034 
040 |a SNKBUCL  |b slo  |c SNKBUCL  |e AACR2 
041 0 |a slo 
044 |a xo  |c SK 
080 |a 329.15(437)(091)  |2 1981 
080 |a 943.7  |2 1981 
245 0 0 |a Február dnešku 
610 7 |a Komunistická strana Československa  |2 snkbucl  |9 32256 
650 0 7 |a Február (1948 : Československo)  |2 snkbucl  |9 83931 
655 7 |a články z novín a časopisov  |2 snkbucl  |9 267496 
773 0 |t Život strany  |g Č. 4 (1987), s. 3-4 
850 |a Slovenská národná knižnica v Martine  |a MTA001 
852 |a SNK  |b KIS3GCP 
992 |a RBX 
999 |c 2089708  |d 2091638